Vývoj a realizácia mobilnej aplikácie za účelom zefektívnenia vzdelávacej činnosti študentov Obchodnej fakulty bakalárska práca

Enregistré dans:
Détails bibliographiques
Auteur principal: Ľuba, Maroš
Collectivité auteur: Obchodná fakulta EU. Katedra marketingu
Autres auteurs: Chomová, Katarína, 1983-
Format: Livre
Langue:slovaque
Publié: Bratislava 2015
Tags: Ajouter un tag
Pas de tags, Soyez le premier à ajouter un tag!

MARC

LEADER 00000nbm a2200000 4500
001 0206521
005 20170306143635.2
041 0 |a slo 
044 |a SK 
245 1 0 |a Vývoj a realizácia mobilnej aplikácie za účelom zefektívnenia vzdelávacej činnosti študentov Obchodnej fakulty  |b bakalárska práca  |c Maroš Ľuba ; školiteľ: Katarína Chomová 
264 1 |a Bratislava  |c 2015 
300 |a 52 s. 
100 1 |a Ľuba, Maroš 
700 1 |a Chomová, Katarína, 1983- 
710 2 |a Obchodná fakulta EU. Katedra marketingu